000 00519nam a2200181Ia 4500
005 20250326124608.0
008 250326s9999 xx 000 0 und d
037 _aTextbook
040 _aFMSL
_beng
_cFMSL
041 _aeng
_2eng
084 _aX:8 L9
_qFMSL
100 _aCarlisle H M
_9737608
245 0 _aManagement essentials: concepts and applications
_cCarlisle H M
260 _aUSA
_bUSA, Science Research Associates
_c1979
300 _a495p
942 _cTB
_hX:8 L9
999 _c1274318
_d1274318